000 00354nam a2200133Ia 4500
008 240624s9999 xx 000 0 und d
041 _aeng
082 _a370.21 TAN
100 _aTANNER DAVID
245 _aUSING STATISTICS TO MAKE EDUCATIONAL DEC
260 _c2012
_aLondon
_bSage Publications
300 _axxiv, : 522 : p. : cm. ; 23
365 _c
_b30
999 _c19812
_d19812